Biodiversity : principles and conservation
| Main Author: | |
|---|---|
| Other Authors: | |
| Format: | Book |
| Published: |
Judhpur, India :
Agrobios ,
2003
|
| Subjects: |
MARC
| LEADER | 00000cam a2200000 7i4500 | ||
|---|---|---|---|
| 001 | 0000002891 | ||
| 005 | 20040311.0 | ||
| 020 | 0 | 0 | |a 8177540203 |
| 090 | 0 | 0 | |a 333.95 |b KUM 2003 |
| 100 | 1 | 0 | |a KUMAR |h U. |
| 245 | 1 | 0 | |a Biodiversity : |b principles and conservation |c U. Kumar, Mahendera Jeet Asija |
| 260 | 0 | 0 | |a Judhpur, India : |b Agrobios , |c 2003 |
| 300 | |a 242 p. ; |c 23 cm. | ||
| 500 | 0 | 0 | |a Bibliography : p. 216-242 |
| 650 | 0 | 0 | |a Biological diversity |
| 700 | 0 | 1 | |a Asija |h Mahendera Jeet |
| 998 | |a JPSM | ||
| 999 | |a 0000005204 |b Monograph |c Open Shelf |e Default branch | ||